[Event "Montigny le Bretonneux op 24th"]
[Site "Montigny le Bretonneux"]
[Date "2022.05.28"]
[Round "5"]
[White "Belardello, Mario Jovani"]
[Black "Belan, Valentin"]
[Result "1-0"]
[WhiteElo "1738"]
[BlackElo "1497"]
[PlyCount "66"]
[EventDate "2022.05.26"]
[EventType "swiss"]
[EventRounds "9"]
[EventCountry "FRA"]
[SourceTitle "CBM 208 Extra"]
[Source "ChessBase"]
[SourceDate "2022.07.31"]
[SourceVersion "1"]
[SourceVersionDate "2022.07.31"]
[SourceQuality "1"]

1. c4 e6 2. g3 d5 3. Bg2 Nf6 4. Nf3 Be7 5. 0-0 0-0 6. b3 dxc4 7. bxc4 b6 8. d3 Bb7 9. Nbd2 c5 10. Nb3 Qc7 11. Bb2 Nc6 12. Rc1 Rfd8 13. Qc2 Nd7 14. Rfd1 Bf6 15. a3 Bxb2 16. Qxb2 Nf6 17. Rb1 Rd7 18. Rdc1 Rb8 19. Rc2 h6 20. Rd2 Ba8 21. Rbd1 Rbd8 22. Qc3 Kf8 23. Qc2 g6 24. h3 Ne5 25. Nxe5 Qxe5 26. Bxa8 Rxa8 27. d4 cxd4 28. Nxd4 Qc5 29. Nxe6+ fxe6 30. Rxd7 Nxd7 31. Rxd7 Qg5 32. Qd3 Ke8 33. Rh7 Qf6 1-0

[Event "Montigny le Bretonneux op 24th"]
[Site "Montigny le Bretonneux"]
[Date "2022.05.26"]
[Round "3"]
[White "Maurel, Thibaud"]
[Black "Belan, Valentin"]
[Result "1-0"]
[WhiteElo "1457"]
[BlackElo "1497"]
[PlyCount "117"]
[EventDate "2022.05.26"]
[EventType "swiss"]
[EventRounds "9"]
[EventCountry "FRA"]
[SourceTitle "CBM 208 Extra"]
[Source "ChessBase"]
[SourceDate "2022.07.31"]
[SourceVersion "1"]
[SourceVersionDate "2022.07.31"]
[SourceQuality "1"]

1. e4 e5 2. Nf3 Nf6 3. Nxe5 d6 4. Nf3 Nxe4 5. d4 d5 6. Bf4 Bd6 7. Bxd6 Qxd6 8. c3 0-0 9. Bd3 f5 10. Nbd2 c6 11. Ne5 Nd7 12. Ndf3 Nxe5 13. Nxe5 c5 14. Nf3 cxd4 15. Nxd4 Bd7 16. 0-0 Rf6 17. f3 Nc5 18. Re1 Raf8 19. Bb5 Bxb5 20. Nxb5 Qb6 21. Qxd5+ Kh8 22. Nd4 Nd3 23. b3 Nxe1 24. Rxe1 h6 25. g3 Rd8 26. Qc4 Rfd6 27. Kg2 Qa5 28. Re2 Qd5 29. Qc7 R6d7 30. Qf4 Rf7 31. Re5 Qd6 32. Qe3 a6 33. Re6 Qa3 34. Rxh6+ Kg8 35. Re6 Qxa2+ 36. Kh3 Rdf8 37. Re7 Rf6 38. Re6 Kf7 39. Rxf6+ gxf6 40. Qe6+ Kg6 41. Qxf5+ Kg7 42. Ne6+ Kf7 43. Nxf8 Kxf8 44. Qxf6+ Kg8 45. g4 Qxb3 46. g5 Qf7 47. Qd8+ Kg7 48. Qd4+ Kg6 49. f4 Qe6+ 50. Kg3 Qe1+ 51. Kf3 Qh1+ 52. Ke3 Qe1+ 53. Kd3 Qb1+ 54. Ke2 Qc2+ 55. Ke3 Qc1+ 56. Ke4 Qh1+ 57. Ke5 Qxh2 58. Qe4+ Kh5 59. Qh7+ 1-0